000
00236nam a22000977a 4500
008
160405b xxu||||| |||| 00| 0 eng d
082
_a
622.2
_b
P814w
100
_a
Popov, G
245
_a
The Working of mineral deposits.
942
_2
ddc
_c
GEN
999
_c
77859
_d
77848